ARRUPE JESUIT UNIVERSITY

CORONAVIRUS -STOP THE SPREAD - CLEAN,DISINFECT,COVER

Fire with fire : (Record no. 124549)

MARC details
000 -LEADER
fixed length control field 00992fam a2200337 a 4500
001 - CONTROL NUMBER
control field 1381219
003 - CONTROL NUMBER IDENTIFIER
control field ARRUPE
005 - DATE AND TIME OF LATEST TRANSACTION
control field 20160407123008.0
008 - FIXED-LENGTH DATA ELEMENTS--GENERAL INFORMATION
fixed length control field 930617s1993 nyu b 001 0 eng
010 ## - LIBRARY OF CONGRESS CONTROL NUMBER
LC control number 93025975
020 ## - INTERNATIONAL STANDARD BOOK NUMBER
International Standard Book Number 067942718X :
Terms of availability $17.00
035 ## - SYSTEM CONTROL NUMBER
System control number (OCoLC)28420926
035 ## - SYSTEM CONTROL NUMBER
System control number (OCoLC)ocm28420926
035 ## - SYSTEM CONTROL NUMBER
System control number (NNC)1381219
040 ## - CATALOGING SOURCE
Original cataloging agency DLC
Transcribing agency DLC
Modifying agency NNC
043 ## - GEOGRAPHIC AREA CODE
Geographic area code n-us---
050 00 - LIBRARY OF CONGRESS CALL NUMBER
Classification number HQ1426
Item number .W565 1993
082 00 - DEWEY DECIMAL CLASSIFICATION NUMBER
Classification number 305.42/0973
Edition number 20
300 ## - PHYSICAL DESCRIPTION
Dimensions 25 cm.
100 1# - MAIN ENTRY--PERSONAL NAME
Personal name Wolf, Naomi.
9 (RLIN) 23633
245 10 - TITLE STATEMENT
Title Fire with fire :
Remainder of title the new female power and how it will change the 21st century /
Statement of responsibility, etc Naomi Wolf.
250 ## - EDITION STATEMENT
Edition statement 1st ed.
260 ## - PUBLICATION, DISTRIBUTION, ETC. (IMPRINT)
Place of publication, distribution, etc London :
Name of publisher, distributor, etc Chatto and Windus,
Date of publication, distribution, etc c1993.
263 ## - PROJECTED PUBLICATION DATE
Projected publication date 9310
300 ## - PHYSICAL DESCRIPTION
Extent xix, 373 p. ;
504 ## - BIBLIOGRAPHY, ETC. NOTE
Bibliography, etc Includes bibliographical references and index.
650 #0 - SUBJECT ADDED ENTRY--TOPICAL TERM
Topical term or geographic name as entry element Feminism
Geographic subdivision United States.
9 (RLIN) 7602
650 #0 - SUBJECT ADDED ENTRY--TOPICAL TERM
Topical term or geographic name as entry element Feminist theory.
9 (RLIN) 23634
650 #0 - SUBJECT ADDED ENTRY--TOPICAL TERM
Topical term or geographic name as entry element Power (Social sciences)
9 (RLIN) 11462
942 ## - ADDED ENTRY ELEMENTS (KOHA)
Source of classification or shelving scheme Library of Congress Classification
Koha item type Monograph ( Printed materials)
Holdings
Withdrawn status Lost status Source of classification or shelving scheme Damaged status Not for loan Collection code Home library Current library Shelving location Date acquired Total Checkouts Full call number Barcode Date last seen Price effective from Koha item type
    Library of Congress Classification     Main Collection ARRUPE LIBRARY ARRUPE LIBRARY Main Collection 07/04/2016   HQ1426 .W565 1993 46500006997 09/05/2018 07/04/2016 Monograph ( Printed materials)

 

Arrupe Library. PO Box MP320 Mt Pleasant, Harare, Zimbabwe
263 242 745411|librarian@aju.ac.zw